00785nam a2200181 4500001000700000003000900007005001700016007000300033008004100036100004500077245020000122260003400322300002000356700006000376852002400436999001900460952012400479117569ES-MaACL20250717063030.0t|070214s1905 it r ||||1| spa d0 aPedro Pascual, Santo, d1227-130098992810aObras de San Pedro Pascual, Márti Obispo de Jaén y Religioso de la Mercedb: en su lengua original con la traducción latina y algunas anotaciones /cpor el P. Fr. Pedro Armengol Valenzuela. aRoma : bF. Cuggiani, c1905. a4 v. ; c25 cm.1 aArmengol Valenzuela, Pedro, Arzobispo de Gangra.922948 aES-MaACLjF-1409-12 c117569d117569 00104070aATENEOMbATENEOMcDEPO2d2008-01-17eSCl0oF-1409-12p1122574r2023-02-23 00:00:00w2023-02-23yMONOGRAFIA